| 000 | 01059nam a22002057a 4500 | ||
|---|---|---|---|
| 999 |
_c4706 _d4706 |
||
| 003 | AR-CdUCM | ||
| 008 | 190311b ||||| |||| 00| 0 spa d | ||
| 040 |
_aMUNICIPALIDAD PROVINCIAL DEL CUSCO _cBIBLIOTECA MUNICIPAL DEL CUSCO |
||
| 082 |
_a498.323 / _bQ71 |
||
| 100 |
_aQuiroga Flores, Miguel Ángel _914601 |
||
| 245 | _aPoesía quechua de Bolivia / | ||
| 260 |
_aCochabamba : _bMiguel Ángel Quiroga Flores, _c1967. |
||
| 300 |
_a89 páginas ; _c21 cm. |
||
| 500 | _aDonación de la familia Nieto. Edición bilingüe. Antología poética adaptada a la signografía fonética quechua aprobada en la recomendación del acta final del 12 de agosto de 1954 del tercer congreso indigenista interamericano reunido en La Paz-Bolivia con algunas modificaciones introducidas por el autor. | ||
| 505 | _aContenido: Tomo III: El poético idioma quechua -- Poesía incaica quechua -- Poesía republicana quechua -- Poesía popular quechua ... | ||
| 650 |
_aPoesía quechua _911613 |
||
| 650 |
_aPoesía - Bolivia _914602 |
||
| 942 |
_2ddc _cLIBROS |
||
| 945 | _alccs | ||